|
|
|
|
| LEADER |
00883ncm a22002412a 4500 |
| 001 |
000183025 |
| 003 |
CZ BrMZK |
| 005 |
20120807073031.0 |
| 007 |
qu |
| 008 |
960101s1953 gw f zxx d |
| 040 |
|
|
|a BOA001
|b cze
|
| 072 |
|
7 |
|a 786
|x Hudba pro klávesové nástroje
|2 Konspekt
|9 9
|
| 100 |
1 |
|
|a Šostakovič, Dmitrij Dmitrijevič,
|d 1906-1975
|7 jn19990209877
|4 cmp
|
| 245 |
1 |
0 |
|a Vierundzwanzig Präludien und Fugen, op. 87.
|n Band 2, Nr. 13-24
|h [hudebnina] :
|b für Klavier /
|c Dmitrij Dmitrijevič Šostakovič
|
| 246 |
3 |
2 |
|a 24 Präludien und Fugen für Klavier, op. 87
|
| 260 |
|
|
|a Leipzig :
|b Peters,
|c 1953
|
| 300 |
|
|
|a 92 s.
|
| 490 |
1 |
|
|a Edition Peters ;
|v Nr. 4716b
|
| 830 |
|
0 |
|a Edition Peters
|
| 910 |
|
|
|a BOA001
|b Mus4-0461.989,2
|
| 990 |
|
|
|a MU
|
| 991 |
|
|
|b 201208
|
| 996 |
6 |
|
|b 2619933894
|c Mus4-0461.989,2
|l MZK
|r Sklad / do 1 hodiny
|n 6
|w 000183025
|u 000010
|a 1
|e BOA001
|j MZK50
|s P
|